Normal view
MARC view
- Khalid Ghaznavi
Entry Personal Name
001 - CONTROL NUMBER
- control field: 9278
003 - CONTROL NUMBER IDENTIFIER
- control field: NUST
005 - DATE AND TIME OF LATEST TRANSACTION
- control field: 20180120152715.0
008 - FIXED-LENGTH DATA ELEMENTS
- fixed length control field: 180120|| aca||aabn | a|a d
040 ## - CATALOGING SOURCE
- Original cataloging agency: NUST
- Transcribing agency: NUST
100 ## - HEADING--PERSONAL NAME
- Personal name: Khalid Ghaznavi
670 ## - SOURCE DATA FOUND
- Source citation: Work cat.: (NUST)325426: Khalid Ghaznavi, Saans Ki Bemarian aur Elaj-e-nabwi (5), 2013
